[Event "HCL-A2645"]
[Site "www.playchess.de"]
[Date "2006.03.22"]
[Round "8"]
[White "BohdanL"]
[Black "Vinci"]
[WhiteElo "1502"]
[BlackElo "1606"]
[PlyCount "90"]
[Result "0-1"]

1.e4 {hi, nice to meet you again}  e6 {hi! same to 
me! just in another league...}  2.d4 {the 
diffrence only in letter "A' or "E", but people 
the same :-)}  d5 {lol true}  3.exd5 exd5 4.Nf3 
Bd6 5.c4 c6 6.Nc3 Ne7 7.c5 Bc7 8.Bd3 Bf5 9.O-O O-O 
10.Bxf5 Nxf5 11.Qd3 Qf6 12.Bg5 Qg6 13.h4 Nxh4 
14.Qxg6 {hm, i missed your next move, i suspected 
somehting wrong and now see what}  Nxf3+ {yes, i 
already saw with my move from the queen to f6, 
that i will attack me with your bishop, i decided 
to go to g6, than i saw that your queen was not 
safed, so no problem. i did not expect h4. now 
with kxf3 and than fxg6 it's even better.}  
15.gxf3 {yes, now you are better, i think attack 
on your queen was to early, better was to launch 
attack on your queenside with b4}  fxg6 {the 
advantage is little. i think attacking on the 
kingside is right. there you have more playing 
figures. i don't know.}  16.Kg2 {what language do 
you speak at home?}  Nd7 {german, and you?}  17.b4 
Rf5 18.Bh4 {ukrainian, is any kind of (original) 
swiss langauge?}  Raf8 {hm, german, we call it 
swissgerman with a lot of dialects, some germans 
understand us, some not, and even in switzerland 
the dialects are very very different. interesting 
is, that if we read a text in german from the 
middelage, we understand it.}  19.Bg3 
{interesting, i compared old german and old dutch, 
seems to me almost the same language, at least 
knowing dutch he old german is than readable}  Bd8 
{yes, the swiss often understand dutch and lots of 
words of the same. swissgerman and dutch must have 
some same roots.}  20.f4 {what is main language in 
Switzeland, i mean what language you use on swiss 
meetings: german, french or italian (or maybe 
english)?}  Bc7 {depends in which part you are 
working. in my part, a german part, we talk 
german. in real business, it is sometimes really 
english. but in my area, we call an area a 
"canton" we talk even our fourth language, which 
is "rätoromanisch" or "romanisch"}  21.Ne2 {is 
"rätoromanisch"  similar to latin?}  Re8 22.Rae1 
Nf6 {"rätoromanisch" is close to latin, yes, also 
to italian and the dialect of sardinia. some words 
are the same as in spanish and french. but some 
words are close to lombardic (ialian dialect. and 
there exists 5 different dialects of 
"rätoromanisch", which}  23.f3 Nh5 24.a4 Bxf4 
25.Nxf4 Nxf4+ 26.Bxf4 Rxe1 27.Rxe1 Rxf4 28.Re7 Rf7 
29.Re8+ Rf8 30.Re7 Rb8 31.a5 g5 32.Rd7 a6 33.Kg3 
h5 34.f4 h4+ 35.Kg4 h3 36.Kxh3 gxf4 37.Kg4 Rf8 
38.Kf3 g5 39.Rxb7 g4+ 40.Kf2 f3 41.Re7 g3+ 42.Kf1 
f2 {one move too late? did you plan Re3?}  43.b5 
{not really, i do not think i had any chance even 
for draw here, just played to see how long it will 
take and to keep conversation :-). 2 pawns and 
free way to go ... it a lot}  g2+ {yes it is 
enough, but you know, rook end games are not 
clear, often one pawn more is not enough, 
sometimes even two pawns!}  44.Kxg2 {not in this 
game, here position was in your favour}  f1Q+ 
45.Kg3 Rf3+ 0-1

[Event "HCL-M885"]
[Site "www.playchess.de"]
[Date "2006.03.22"]
[Round "7"]
[White "ETC_Chess"]
[Black "cinephos"]
[WhiteElo "2147"]
[BlackElo "2072"]
[PlyCount "53"]
[Result "1-0"]

1.c4 {Hello again and good luck!}  Nf6 {Hello, 
nice to see you again!}  2.g3 e5 3.Bg2 c6 4.d4 e4 
5.Nc3 Bb4 6.Qb3 Bxc3+ 7.bxc3 O-O 8.c5 b6 9.Bf4 d5 
10.cxd6 Re8 11.c4 c5 12.dxc5 bxc5 13.Qb5 Na6 
14.Nh3 h6 15.Qb3 g5 16.Bd2 Qxd6 17.Rd1 Qe6 18.O-O 
Rb8 19.Qc3 Bb7 20.f4 exf3 21.exf3 Nb4 22.Rfe1 Qf5 
23.Nf2 h5 24.Ref1 Rbd8 25.Qb2 Bxf3 26.Bxf3 Qxf3 
27.Bxg5 1-0

[Event "HCL-C4213"]
[Site "www.playchess.de"]
[Date "2006.03.22"]
[Round "8"]
[White "nichju"]
[Black "O_Man"]
[WhiteElo "982"]
[BlackElo "1123"]
[PlyCount "84"]
[Result "0-1"]

1.e4 {Greetings from Germany}  c5 {Greetings from 
Memphis, home of Elvis!}  2.Nf3 d6 3.Bc4 Nc6 4.O-O 
g6 5.d3 Bg7 6.Bg5 Bxb2 7.Nbd2 Bxa1 8.Qxa1 f6 9.Be3 
Bg4 10.Ng5 Ne5 11.Ne6 Bxe6 12.Bxe6 Nc6 13.Bg5 h6 
14.Be3 Nb4 15.Nf3 Nxc2 16.Qc1 Nxe3 17.Qxe3 f5 
18.exf5 gxf5 19.Nh4 d5 20.Nxf5 a5 21.Ng7+ Kf8 
22.Qg3 Rh7 23.Qg6 Rxg7 24.Qf5+ Nf6 25.Re1 Rg5 
26.Qf4 Qd6 27.Qh4 Rh5 28.Qg3 Qxg3 29.fxg3 d4 30.g4 
Rg5 31.h3 Ra6 32.Bc4 Rb6 33.g3 h5 34.gxh5 Rxg3+ 
35.Kh2 Nxh5 36.Rf1+ Kg7 37.Re1 Rb2+ 38.Kh1 Rxh3+ 
39.Kg1 Ng3 40.Rxe7+ Kf6 41.Re6+ Kf5 42.Re8 
Rh1+ 0-1

[Event "HCL-C4183"]
[Site "www.playchess.de"]
[Date "2006.03.22"]
[Round "4"]
[White "filcexez"]
[Black "Grunert"]
[WhiteElo "1142"]
[BlackElo "994"]
[PlyCount "21"]
[Result "1-0"]

1.e4 e5 2.Nf3 d6 3.Bc4 h6 4.O-O Nf6 5.d3 Nc6 6.Be3 
Bd7 7.Nc3 a6 8.b3 Be7 9.d4 exd4 10.Nxd4 Nxd4 
11.Bxd4 1-0

[Event "HCL-C4130"]
[Site "www.playchess.de"]
[Date "2006.03.22"]
[Round "14"]
[White "sweendog"]
[Black "Grunert"]
[WhiteElo "721"]
[BlackElo "1023"]
[PlyCount "57"]
[Result "1-0"]

1.e4 {good luck!}  e5 {hi}  2.Nc3 d6 3.Nf3 Nc6 
4.Bb5 Bd7 5.O-O a6 6.Bc4 h6 7.d3 Nd4 8.Nxd4 exd4 
9.Ne2 Nf6 10.Ng3 b5 11.Bb3 Be7 12.Nf5 Bxf5 13.exf5 
Qd7 14.c4 bxc4 15.dxc4 Qxf5 16.Ba4+ Nd7 17.Bd2 O-O 
18.Rc1 Bf6 19.g4 Qe6 20.Re1 Qxc4 21.Rxc4 Nb6 
22.Rxc7 Nxa4 23.Qxa4 d3 24.Re3 Bxb2 25.Rxd3 Be5 
26.Bb4 Rab8 27.Bxd6 Bxd6 28.Rxd6 Rba8 
29.Rdd7 1-0

[Event "HCL-A2622"]
[Site "www.playchess.de"]
[Date "2006.03.22"]
[Round "8"]
[White "Kinslayer"]
[Black "victorabiodun03"]
[WhiteElo "1726"]
[BlackElo "1596"]
[PlyCount "46"]
[Result "0-1"]

1.d4 Nf6 2.Bf4 g6 3.e3 Bg7 4.h3 d6 5.Nf3 O-O 6.Bh2 
c6 7.Nbd2 Qb6 8.Nc4 Qc7 9.c3 Nbd7 10.Be2 e5 
11.dxe5 dxe5 12.Ncxe5 Nxe5 13.Nxe5 Qb6 14.Qb3 Be6 
15.Qxb6 axb6 16.a3 Rfd8 17.Nc4 b5 18.Nd6 Rd7 
19.O-O Rad8 20.Rad1 Bb3 21.Rd2 Ne8 22.Nxe8 R7xd2 
23.Bf3 Rxe8 0-1

[Event "HCL-A2622"]
[Site "www.playchess.de"]
[Date "2006.03.22"]
[Round "5"]
[White "sundfar"]
[Black "Kinslayer"]
[WhiteElo "1365"]
[BlackElo "1726"]
[PlyCount "55"]
[Result "1-0"]

1.d4 f5 2.Nf3 Nf6 3.Bg5 e6 4.e3 Be7 5.Bc4 O-O 
6.O-O b6 7.Nc3 Bb7 8.Nh4 Ne4 9.Bxe7 Qxe7 10.Qh5 
Nxc3 11.bxc3 Rf6 12.Nxf5 Rxf5 13.Qxf5 d5 14.Qf3 
Nd7 15.Bd3 Rf8 16.Qh3 g6 17.Rae1 Nf6 18.c4 Ne4 
19.cxd5 exd5 20.Bxe4 dxe4 21.Reb1 Rf5 22.c4 Rh5 
23.Qg4 Rg5 24.Qd1 Qe6 25.Rb5 Rxb5 26.cxb5 Qxa2 
27.Qa1 Qxa1 28.Rxa1 1-0

[Event "HCL-C4211"]
[Site "www.playchess.de"]
[Date "2006.03.22"]
[Round "1"]
[White "nichju"]
[Black "Grunert"]
[WhiteElo "995"]
[BlackElo "977"]
[PlyCount "63"]
[Result "1-0"]

1.e4 {Hallo, auf ein Neues}  e5 {genau, brauche 
mal einen Sieg gegen Dich!}  2.Nf3 d6 3.d4 exd4 
4.Nxd4 Nf6 5.Nc3 g6 6.Bg5 Bg7 7.Bb5+ c6 8.Bc4 b5 
9.Bb3 a5 10.a4 b4 11.Nce2 c5 12.Nb5 Ba6 13.Nxd6+ 
Ke7 14.e5 Qf8 15.Nf4 Bh6 16.Bxf6+ Kd7 17.Nb7+ Kc7 
18.Bxh8 Bxb7 19.Bf6 Bxf4 20.Bd5 Bxd5 21.Qxd5 Nc6 
22.Rd1 Rc8 23.Qd7+ Kb8 24.O-O Bxe5 25.Bxe5+ Nxe5 
26.Qb5+ Ka8 27.Qxa5+ Kb8 28.Qb6+ Ka8 29.Rd6 Nc4 
30.Qa6+ Kb8 31.Qb5+ Ka8 32.Ra6+ 1-0

[Event "HCL-A2635"]
[Site "www.playchess.de"]
[Date "2006.03.22"]
[Round "13"]
[White "PhilipKaveny"]
[Black "IRONMAIDEN"]
[WhiteElo "1324"]
[BlackElo "1202"]
[PlyCount "93"]
[Result "1-0"]

1.e4 {You let me off with a draw which Meant I won 
a turnament last time--It might not have been. But 
I will remmember that}  e5 {hi Philip, nice to be 
in A-League again and you still there. I saw you 
are winning one, wow.}  2.Bc4 {Yes Congradualtions 
on promotion}  Bc5 3.Nf3 d6 {RUDI says hi and is 
back in B-League for some games}  4.c3 {Rudi such 
a Guy  he beat me a lot}  Nf6 {will be back in A 
somewhen again. How did you win an ACL-Tour 
without a computer?}  5.d4 {I won some games  I 
Ignore computers Like threats}  exd4 {very good 
indeed. best computer is mans brain.}  6.O-O Nc6 
7.cxd4 Bb6 8.Bg5 O-O 9.a3 Qe8 10.Bxf6 gxf6 11.d5 
Ne5 12.Be2 Kh8 13.Nc3 Ng6 14.Bd3 Bd7 15.a4 a6 
{need any snow? we got so much that trees are 
falling}  16.a5 {No thank you we have plenty in 
Wisconsin}  Ba7 {too bad.}  17.b4 Bg4 18.b5 Bd4 
19.Ra3 Bxc3 20.Rxc3 Qd7 21.b6 {Take that Tell Rudi 
I got Booted from class A also but I will return}  
c6 {yes, you surely will return. B-League is 
sometimes more fun as you win more often...}  
22.dxc6 bxc6 23.Be2 Rfe8 24.Qd4 Bxf3 25.Qxf6+ Kg8 
26.Bxf3 c5 27.e5 {I if You have Time these is an 
opening in another a tournamemt I am playing the 
draw you gvae me meant I got back into class A}  
Re6 {you won 2 tournaments, very well done!}  
28.Qg5 {I must be ever so careful here you must 
also by the  way  my hardest games are against 
lower rated players}  Rae8 {they can be nasty 
opponents}  29.exd6 Qxd6 30.Rxc5 Qd3 31.Rcc1 R6e5 
32.Rcd1 Qb5 33.Qd2 {Will these bones live}  Qxa5 
{you`ll see}  34.Qxa5 Rxa5 35.b7 Rb8 36.Rdc1 Ne7 
{RUDI `s back in A-League. Being 1st place in 
B-League is sometimes too simple...
}  37.Rc7 Kf8 38.h3 Rb5 {you look squashed somehow 
in that little corner, 6 pieces on 9 spots}  
39.Rfc1 {:) I like to think of it like a coiled 
spring}  a5 40.R7c8+ Rxc8 41.Rxc8+ Nxc8 {you win 
again!}  42.bxc8Q+ {Just barely This is the  first 
time I one I have  a lost and a draw  There are a 
whole bunch of people I want you to beat I will do 
the same for you and we will tie for first--Also I 
owe you a draw}  Kg7 {who needs to get it? I´ll 
beat them, if I can...}  43.Qc3+ {I need to check 
by the way I briefly am the lowest rated player In 
class E}  Kg8 {that`s wild, class E! wow!}  44.Bc6 
{Not for long andI checked the tournemanet we are 
bothplyaing and  I have alread lost three games so 
I will be helpingYou}  Rb1+ {you are not gonna 
draw this, are you?}  45.Kh2 {I hope  not}  Rb4 
46.Qg3+ Kf8 47.h4 1-0

[Event "HCL-E1598"]
[Site "www.playchess.de"]
[Date "2006.03.22"]
[Round "8"]
[White "Inge_Heumann"]
[Black "Josef"]
[WhiteElo "1731"]
[BlackElo "1609"]
[PlyCount "35"]
[Result "1-0"]

1.e4 e6 2.d4 d5 3.exd5 exd5 4.Bd3 Nf6 5.Ne2 Bd6 
6.Nbc3 O-O 7.Bg5 c6 8.Qd2 Bg4 9.f3 Bh5 10.O-O-O 
Nbd7 11.g4 Bg6 12.h4 Bxd3 13.Qxd3 h6 14.Bf4 Bxf4+ 
15.Nxf4 Nb6 16.g5 hxg5 17.hxg5 Nfd7 
18.Qh7+ 1-0

[Event "HCL-T249"]
[Site "www.playchess.de"]
[Date "2006.03.22"]
[Round "13"]
[White "wbaldan"]
[Black "Lupes"]
[WhiteElo "1687"]
[BlackElo "800"]
[PlyCount "66"]
[Result "0-1"]

1.e4 e5 2.Nf3 Nc6 3.c3 Nf6 {Hello!}  4.d4 Nxe4 
5.d5 Nb8 {Hello,good luck!}  6.Bd3 {Have a 
pleasant time!}  Nc5 7.O-O d6 8.h3 Be7 9.Be3 Nbd7 
10.Bf5 O-O 11.Qc2 g6 12.Bxd7 Nxd7 13.Nbd2 f5 
14.Bh6 Re8 15.Rad1 b6 16.Rfe1 Bb7 17.c4 a5 18.a4 
Nc5 19.Be3 Bf6 20.Bxc5 bxc5 21.b3 c6 22.dxc6 Bxc6 
23.Nh2 Qc7 24.Ndf3 Re6 25.Re2 Rae8 26.Ne1 Qb7 
27.Red2 e4 28.R2xd6 Rxd6 29.Rxd6 Be5 30.Rd1 Rb8 
31.Rb1 Bxa4 32.Qd2 Qc7 33.Nc2 Bxh2+ 0-1

[Event "HCL-A2616"]
[Site "www.playchess.de"]
[Date "2006.03.22"]
[Round "8"]
[White "XANDERKIRV"]
[Black "RUDI"]
[WhiteElo "1489"]
[BlackElo "1278"]
[PlyCount "79"]
[Result "1-0"]

1.e4 e5 2.Nf3 Nc6 3.Bb5 a6 4.Ba4 b5 5.Bb3 Bd6 6.c3 
Nf6 7.d3 O-O 8.O-O Be7 9.h3 d5 10.exd5 Nxd5 11.Re1 
Bf6 12.Nbd2 Bd7 13.Bxd5 Rb8 14.Be4 Bg5 15.Nxg5 
Qxg5 16.Nf1 Qf6 17.Qf3 Qxf3 18.Bxf3 f6 19.Bxc6 
Bxc6 20.Be3 Bd7 21.Ng3 f5 22.Bc5 Rfe8 23.f3 f4 
24.Ne4 Re6 25.d4 exd4 26.Bxd4 Rbe8 27.Rad1 Bc6 
28.Kf2 Bxe4 29.fxe4 R6xe4 30.Rxe4 Rxe4 31.Re1 Rxe1 
32.Kxe1 c6 33.Kf2 Kf7 34.h4 h6 35.Kf3 g5 36.hxg5 
hxg5 37.Kg4 Kg6 38.Bb6 Kf6 39.Bd8+ Ke5 
40.Bxg5 1-0

[Event "HCL-A2658"]
[Site "www.playchess.de"]
[Date "2006.03.22"]
[Round "19"]
[White "hal1958"]
[Black "BohdanL"]
[WhiteElo "1430"]
[BlackElo "1472"]
[PlyCount "67"]
[Result "1-0"]

1.b4 e5 {hi}  2.Bb2 Bxb4 3.Bxe5 Nf6 4.e3 d5 5.Nf3 
O-O 6.c4 Nc6 7.Bb2 Bf5 8.cxd5 Qxd5 9.Bxf6 gxf6 
10.Be2 Rad8 11.O-O Bxb1 12.Rxb1 Qxa2 13.d4 a5 
14.Bb5 Qe6 15.Qc2 Na7 16.Bd3 f5 17.Bxf5 Qh6 
18.Qxc7 Rdb8 19.Ne5 Nc6 20.Nxc6 Bd6 21.Ne7+ Kg7 
22.Bh3 Bxc7 23.Nf5+ Kg6 24.Nxh6 Kxh6 25.Rfc1 Bd6 
26.Rb6 Rfd8 27.Ra1 f6 28.Rxa5 Bc7 29.Rxf6+ Kg7 
30.Raf5 b5 31.R6f7+ Kg6 32.R5f6+ Kg5 33.f4+ Bxf4 
34.exf4+ 1-0

[Event "HCL-E1558"]
[Site "www.playchess.de"]
[Date "2006.03.22"]
[Round "9"]
[White "XANDERKIRV"]
[Black "sas"]
[WhiteElo "1449"]
[BlackElo "1979"]
[PlyCount "88"]
[Result "0-1"]

1.e4 c6 {Hello XANDERKIRV, I wish you an 
interesting game.}  2.d4 {Hello and good luck.}  
d5 {Thank you.}  3.Nc3 dxe4 4.Nxe4 Bf5 5.Ng3 Bg6 
6.Nf3 Nd7 7.Be2 Ngf6 8.O-O e6 9.Re1 Qb6 10.a3 c5 
11.c3 Rc8 12.h3 cxd4 13.Nxd4 Bc5 14.b4 Bd6 15.Nf1 
Rxc3 16.Bb2 Rc8 17.Rc1 O-O 18.Bf3 Be5 19.Qd2 Bc7 
20.a4 a5 21.b5 e5 22.Nb3 Rcd8 23.Qe3 e4 24.Qxb6 
Bxb6 25.Be2 Nd5 26.Bd4 Bxd4 27.Nxd4 Ne5 28.Nb3 b6 
29.Red1 Nf4 30.Rde1 Ned3 31.Bxd3 Nxd3 32.Rc6 Nxe1 
33.Rxb6 Rda8 34.Ne3 f5 35.Nd5 Bf7 36.Ne7+ Kh8 
37.Nd4 g6 38.Kf1 Nd3 39.Ndc6 Bb3 40.Ra6 Rxa6 
41.bxa6 Bxa4 42.a7 Bxc6 43.Nxc6 Ra8 44.Ke2 
a4 0-1

[Event "HCL-B3937"]
[Site "www.playchess.de"]
[Date "2006.03.22"]
[Round "8"]
[White "a137"]
[Black "vaidasmp"]
[WhiteElo "731"]
[BlackElo "1699"]
[PlyCount "70"]
[Result "0-1"]

1.e4 {hello, good luck.}  e5 2.Nf3 d6 3.Bc4 h6 
4.h3 Nf6 5.Nc3 Be7 6.O-O Nc6 7.d3 a6 8.a3 Bd7 
9.Bxf7+ Kxf7 10.Be3 Nh7 11.Nd5 Ng5 12.Nxg5+ hxg5 
13.Qf3+ Ke8 14.Nxe7 Qxe7 15.c3 Kd8 16.b4 Be6 17.a4 
Kc8 18.a5 Qd7 19.Kh2 g4 20.Qg3 gxh3 21.Rfh1 hxg2+ 
22.Kxg2 Rg8 23.Rh7 Qf7 24.Rah1 Kd7 25.R1h5 Raf8 
26.Kf1 Ne7 27.Rg5 Qf6 28.Rgxg7 Rxg7 29.Rxg7 Ke8 
30.Ke2 Rf7 31.Rxf7 Qxf7 32.c4 Bxc4 33.dxc4 Qxc4+ 
34.Ke1 Qxb4+ 35.Bd2 Qxe4+ 0-1

[Event "HCL-E1552"]
[Site "www.playchess.de"]
[Date "2006.03.22"]
[Round "1"]
[White "Rochemback"]
[Black "golddim"]
[WhiteElo "1499"]
[BlackElo "1441"]
[PlyCount "96"]
[Result "1/2-1/2"]

1.e4 e5 2.Nf3 Nc6 3.Bb5 a6 4.Bxc6 dxc6 5.h3 Nf6 
6.Nc3 Bc5 7.O-O O-O 8.d3 Re8 9.a3 h6 10.Ne2 Ba7 
11.b4 c5 12.bxc5 Bxc5 13.Bb2 Bd6 14.c3 c5 15.Qc2 
b5 16.c4 Bb7 17.cxb5 axb5 18.Rfb1 Qe7 19.Ng3 Qc7 
20.Nd2 Rac8 21.f3 Red8 22.Kh2 c4 23.Rbc1 b4 
24.Qxc4 Qxc4 25.Rxc4 Rxc4 26.Nxc4 bxa3 27.Bxa3 Bc7 
28.Rd1 Ba6 29.Nb2 Bb5 30.Nf5 Kh7 31.Be7 Rd7 
32.Bxf6 gxf6 33.g3 Ba5 34.Na4 Rxd3 35.Rxd3 Bxd3 
36.g4 Kg6 37.Kg2 h5 38.Nc5 Bc2 39.Nb7 Bb4 40.Ne3 
Bb3 41.Kg3 h4+ 42.Kg2 Kg5 43.Nf5 Bd1 44.Nd8 Bb3 
45.Kf2 Bc4 46.Nc6 Bc5+ 47.Kg2 Be2 48.Na5 
Bb5 1/2-1/2

[Event "HCL-B3919"]
[Site "www.playchess.de"]
[Date "2006.03.22"]
[Round "9"]
[White "RUDI"]
[Black "Nutjob"]
[WhiteElo "1297"]
[BlackElo "1617"]
[PlyCount "64"]
[Result "0-1"]

1.c4 c5 {greetings, I wish you a good game!}  
2.Nc3 {same to you! what state are you from?}  Nc6 
{Tennessee......:)}  3.Nf3 {first thing comes to 
my mind is - Jack Daniels}  Nf6 {I would love to 
trade for some of your fine beer.}  4.e4 {gottcha} 
 g6 5.Be2 Bg7 6.O-O d6 7.a3 b6 8.b3 Nxe4 9.Bb2 Nf6 
10.Re1 O-O 11.Bd3 Bb7 12.Ne2 e5 13.Nc3 Nd4 14.Nxd4 
cxd4 15.Ne2 e4 16.Bb1 d3 17.Ng3 d5 18.cxd5 Qxd5 
19.b4 e3 20.f3 Ng4 21.Bxg7 Kxg7 22.dxe3 Nxe3 
23.Rxe3 Qd4 24.Qxd3 Qxa1 25.Qc3+ Qxc3 26.Rxc3 Rfe8 
27.Ba2 Rac8 28.Rxc8 Rxc8 29.Nf1 f5 30.h3 Rc1 
31.Bb3 Ba6 32.Kh2 Bxf1 0-1

[Event "HCL-M869"]
[Site "www.playchess.de"]
[Date "2006.03.22"]
[Round "7"]
[White "Cramneck"]
[Black "jonaslo"]
[WhiteElo "1922"]
[BlackElo "1751"]
[PlyCount "47"]
[Result "1-0"]

1.Nf3 {Hi from England}  c5 {happy new year from 
stockholm, sweden}  2.c4 Nc6 3.d4 cxd4 4.Nxd4 g6 
5.e4 Bg7 6.Nc2 Nf6 7.Nc3 O-O 8.Be2 b6 9.O-O Bb7 
10.b3 Nxe4 11.Nxe4 Bxa1 12.Nxa1 Qc7 13.Bh6 Qe5 
14.Bxf8 Rxf8 15.Bf3 Nd4 16.Nf6+ Qxf6 17.Bxb7 d6 
18.Nc2 Nf5 19.Be4 Rc8 20.Bxf5 Qxf5 21.Ne3 Qa5 
22.Qe2 Rc5 23.Nd5 e6 24.b4 1-0

[Event "HCL-B3895"]
[Site "www.playchess.de"]
[Date "2006.03.22"]
[Round "17"]
[White "longino"]
[Black "Ultimate"]
[WhiteElo "1170"]
[BlackElo "1681"]
[PlyCount "56"]
[Result "0-1"]

1.c4 Nf6 2.e3 e5 3.a3 d5 4.cxd5 Nxd5 5.d3 Nc6 6.g3 
Be7 7.Bg2 O-O 8.Ne2 b6 9.O-O a5 10.Nbc3 Nxc3 
11.bxc3 Qd6 12.d4 Ba6 13.Re1 Rad8 14.Bb2 Bc4 
15.Qa4 b5 16.Qc2 a4 17.Qf5 g6 18.Qh3 f5 19.dxe5 
Nxe5 20.Nf4 g5 21.Ne2 Nd3 22.Reb1 Qg6 23.Bh1 f4 
24.exf4 gxf4 25.Nd4 Nxf2 26.Kxf2 fxg3+ 27.Kg2 Qe4+ 
28.Kg1 Qe3+ 0-1

[Event "HCL-M847"]
[Site "www.playchess.de"]
[Date "2006.03.22"]
[Round "17"]
[White "NOHAU"]
[Black "Goofy"]
[WhiteElo "2179"]
[BlackElo "2041"]
[PlyCount "30"]
[Result "0-1"]

1.e4 {Auf ein NEUES.}  c5 {Yep! Viel Spass" ;o))}  
2.Nf3 Nc6 3.d4 cxd4 4.Nxd4 Nf6 5.Nc3 e5 6.Ndb5 d6 
7.Bg5 a6 8.Na3 b5 9.Bxf6 gxf6 10.Nd5 f5 11.Bd3 Be6 
12.O-O Bxd5 13.exd5 Ne7 14.c3 Bg7 15.Qh5 
e4 0-1

[Event "HCL-A2634"]
[Site "www.playchess.de"]
[Date "2006.03.22"]
[Round "7"]
[White "Wernswig"]
[Black "IRONMAIDEN"]
[WhiteElo "1390"]
[BlackElo "1202"]
[PlyCount "41"]
[Result "1-0"]

1.e4 {hi, viel spaß}  e5 {hallo und viel Glück!}  
2.f4 Nc6 3.Nf3 d6 4.Bc4 exf4 5.O-O Be7 6.d4 Nf6 
7.Nc3 d5 8.exd5 Nb4 9.Bxf4 Bd7 10.Be5 O-O 11.a3 
Na6 12.Qd3 Qc8 13.Ng5 g6 14.Bxf6 Bxf6 15.Rxf6 Bf5 
16.Qf3 Qd7 17.Rf1 h5 18.Nce4 Rae8 19.d6 c6 20.Qb3 
Bxe4 21.Bxf7+ 1-0

[Event "HCL-B3916"]
[Site "www.playchess.de"]
[Date "2006.03.22"]
[Round "18"]
[White "mitke"]
[Black "dg"]
[WhiteElo "1255"]
[BlackElo "1214"]
[PlyCount "83"]
[Result "1-0"]

1.e4 e5 2.Nf3 d6 3.Bc4 h6 4.d4 Bg4 5.h3 Bxf3 
6.Qxf3 Qf6 7.Qxf6 Nxf6 8.dxe5 dxe5 9.Nc3 Nc6 
10.O-O O-O-O 11.Nd5 Nxd5 12.Bxd5 f6 13.c3 Ne7 
14.Rd1 Nxd5 15.Rxd5 Bd6 {(offering draw)}  16.Be3 
Kb8 17.Rad1 g6 18.Bc5 g5 19.Bxd6 cxd6 20.R5xd6 
Rxd6 21.Rxd6 Rf8 {(offering draw)}  22.g4 Kc7 
23.Rd5 Rd8 24.Rxd8 Kxd8 25.b4 Kd7 26.a4 Kc6 27.f3 
b6 28.Kf2 a5 29.Ke3 axb4 30.cxb4 Kd6 31.Kd3 Kc7 
32.Kc4 Kc6 33.b5+ Kc7 34.Kb4 Kb7 35.a5 bxa5+ 
36.Kxa5 Ka7 37.b6+ Kb7 38.Kb5 Ka8 39.Kc6 Kb8 40.b7 
f5 41.exf5 e4 42.fxe4 1-0

[Event "HCL-C4192"]
[Site "www.playchess.de"]
[Date "2006.03.22"]
[Round "9"]
[White "Veltliner"]
[Black "Dereck"]
[WhiteElo "1184"]
[BlackElo "1304"]
[PlyCount "62"]
[Result "0-1"]

1.e3 e5 2.Nc3 Nf6 3.Bc4 d5 4.Bb3 Bc5 5.h3 d4 
6.exd4 Bxd4 7.Nce2 Bxf2+ 8.Kxf2 Ne4+ 9.Ke1 Qh4+ 
10.g3 Nxg3 11.Nxg3 Qxg3+ 12.Ke2 Qg2+ 13.Ke1 Qxh1 
14.Kf1 Bxh3+ 15.Kf2 Qg2+ 16.Ke3 O-O 17.Kd3 Nc6 
18.c3 Bf5+ 19.Kc4 Qe4+ 20.d4 exd4 21.Bc2 d3+ 
22.Kb3 Na5+ 23.Ka3 dxc2 24.Qe2 Rfe8 25.Qxe4 Rxe4 
26.b3 Re1 27.Nf3 Rh1 28.Nd4 Bd3 29.Kb2 Re8 30.a4 
c5 31.Nxc2 Re2 0-1

[Event "HCL-B3772"]
[Site "www.playchess.de"]
[Date "2006.03.22"]
[Round "10"]
[White "DTW"]
[Black "kipkluifje02"]
[WhiteElo "1200"]
[BlackElo "1381"]
[PlyCount "157"]
[Result "1/2-1/2"]

1.e4 e5 {hello
}  2.Nf3 {Hi.}  Nc6 3.Nc3 Bc5 4.Bb5 Nge7 5.O-O a6 
6.Ba4 b5 7.Bb3 d6 8.d3 Bg4 9.h3 Bh5 10.Be3 O-O 
11.Bxc5 dxc5 12.a3 Nd4 13.g4 Bg6 14.Nxd4 cxd4 
15.Ne2 h5 16.Ng3 h4 17.Nf5 Bxf5 18.gxf5 Nc6 19.Qg4 
Qf6 20.Kh2 Kh8 21.Rfg1 Rfg8 {(offering draw)}  
22.Qh5+ Qh6 23.Qxh6+ gxh6 24.Bd5 Ne7 25.Bxa8 Rxa8 
26.Rg4 c5 27.Rxh4 Kh7 28.Rg1 c4 29.dxc4 bxc4 30.f6 
Ng8 31.Rg7+ Kh8 32.Rxf7 Rd8 33.Ra7 d3 34.cxd3 cxd3 
35.f7 d2 36.fxg8Q+ Kxg8 37.Rg4+ Kf8 38.Rg1 d1Q 
{probably I played the wrong move with my horse}  
39.Rxd1 {There were a lot of mate threats there.}  
Rxd1 {I know that too}  40.Rxa6 Rd2 41.Kg3 Rxb2 
42.Rxh6 Rb3+ 43.f3 Rxa3 44.Kg4 Kg7 45.Re6 Ra5 
46.Kf5 Ra3 47.Rxe5 Rxf3+ 48.Kg4 Rf1 49.h4 Rg1+ 
50.Kh5 Kf6 51.Rg5 Re1 52.e5+ Ke6 53.Kh6 Rh1 54.h5 
Kf7 55.Rf5+ Ke6 56.Rg5 Kf7 {(offering draw)}  
57.Rg6 Ke7 58.e6 Rh2 59.Kg5 Rh1 60.h6 Rg1+ 61.Kf5 
Rf1+ 62.Ke5 Re1+ {(offering draw)}  63.Kf5 Rf1+ 
64.Ke4 Re1+ 65.Kf3 Rh1 66.Kg2 Rh5 67.Kg3 Rh1 
68.Kf4 Rf1+ {where are you going to?}  69.Ke3 {All 
the way to the Netherlands.}  Re1+ {you're welcome 
here}  70.Kf2 Rh1 71.Kg2 Rh5 72.Kg3 Rh1 73.Rg7+ 
Kxe6 {finally, you do something}  74.h7 Kf6 75.Ra7 
Kg6 76.Kg2 Rh5 77.Kg3 Rxh7 78.Rxh7 {good game.}  
Kxh7 {and now?}  79.Kg4 {(offering draw) I said 
"good game."}  1/2-1/2

[Event "HCL-B3934"]
[Site "www.playchess.de"]
[Date "2006.03.22"]
[Round "3"]
[White "chn"]
[Black "kipkluifje02"]
[WhiteElo "1200"]
[BlackElo "1380"]
[PlyCount "50"]
[Result "0-1"]

1.e4 e5 {good luck}  2.Nf3 d6 3.h3 Nf6 4.Nc3 Nc6 
5.Bc4 Be6 6.Qe2 Nd4 7.Nxd4 exd4 8.Nb5 c5 9.Bxe6 
fxe6 10.e5 dxe5 {good move!}  11.Qxe5 Nd5 12.d3 
Qa5+ 13.Bd2 Qxb5 14.Qxe6+ Ne7 15.O-O Qc6 16.Qg4 
Qg6 17.Qf3 O-O-O 18.Ba5 Rd7 19.c3 Nc6 20.b4 b6 
21.Bxb6 axb6 22.bxc5 Bxc5 23.cxd4 Rxd4 24.Rfc1 
Rxd3 25.Qf4 Rf8 0-1